000 00287cam a22001097a 4500
008 180718b1955 xxu||||| |||| 00| 0 eng d
082 _aA99 Sh63
100 _aShinwell, Emanuel
245 _aConflict without malice
_cby Emanuel Shinwell
260 _aLondon
_bOdhams
_c1955
300 _a252p
999 _c416001
_d416001